000 00849nam a2200241 a 4500
001 000029424
003 DO-SdBNP
005 20250909141018.0
007 ta
008 110415s19uu dr 000 0 spa d
040 _aDO-SdBNP
_bspa
_cBNPHU
082 _axxxx
_bH519p
_222
100 1 _aHenríquez Vásquez, Francisco
_938858
245 1 3 _aEl pensamiento político y la acción revolucionaria de Juan Pablo Duarte /
_cFrancisco Henríquez Vásquez.
260 _aSanto Domingo :
_bInstituto Duartiano,
_c2009.
300 _a23 p. ;
_c21 cm.
490 _aCartilla Duartiana ; Lectura de la Patria
_v9
500 _aConferencia inaugural de la cátedra extra-curricular "Juan Pablo Duarte"
590 _aInventariado, 2023 / DG
600 1 0 _aDuarte, Juan Pablo,
_d1813-1876
_xPensamiento político
_91494
910 _aDG
942 _2ddc
_cLF2
999 _c28916
_d28916